000 00799nam a2200217 u 4500
001 000328397
003 AM-YeHGA
005 20250617130715.0
008 040419s1971 ai r 000 0 arm d
040 _aAM-YeHGA
041 0 _aarm
080 _a617.6
090 _aԱ-76
245 1 0 _aՔութեշը և պայքարը նրա դեմ /
_cԱ.Լ. Աստաբացյան; ՀՍՍՀ Առողջապահ. մինիստր. հանրապետ. Սանլուստուն.
260 _aԵրևան :
_bԼույս,
_c1971.
300 _a24 էջ ;
_c20 սմ.
650 1 4 _aՎարակիչ հիվանդություններ
_xՔութեշ
650 1 4 _aՔութեշ
710 2 _aՀՍՍՀ Առողջապահության մինիստրության հանրապետական Սանլուստուն
090 _c124117
999 _c122764
_d122764